Statistics for Formula 1 Drivers by Team History

Click here to take the quiz!

General Stats

  • This quiz has been taken 31 times
  • The average score is 19 of 30

Answer Stats

Teams Driver % Correct
Williams, McLaren, Red BullDavid Coulthard
95%
Jordan, Stewart, Ferrari, Honda, Brawn, WilliamsRubens Barrichello
95%
Minardi, Renault, McLaren, Renault, Ferrari, McLarenFernando Alonso
91%
Toleman, Lotus, McLaren, WilliamsAyrton Senna
91%
HRT, Toro Rosso, Red Bull, RenaultDaniel Ricciardo
91%
Jordan, Benetton, Ferrari, MercedesMichael Schumacher
91%
Williams, Benetton, Renault, BAR, Honda, Brawn, McLarenJenson Button
91%
BMW Sauber, Toro Rosso, Red Bull, FerrariSebastian Vettel
86%
McLaren, MercedesLewis Hamilton
86%
Sauber, Ferrari, WilliamsFelipe Massa
86%
Hesketh, McLaren, WolfJames Hunt
82%
Minardi, Jaguar, Williams, Red BullMark Webber
82%
BRM, Matra, March, TyrrellJackie Stewart
77%
BMW Sauber, Renault, WilliamsRobert Kubica
77%
Sauber, McLaren, Ferrari, Lotus, Ferrari, Alfa RomeoKimi Räikkönen
73%
Ferrari, Maserati, Ferrari, LanciaAlberto Ascari
73%
Lotus, McLaren, FittipaldiEmerson Fittipaldi
68%
McLaren, Renault, McLaren, Ferrari, WilliamsAlain Prost
68%
Alfa Romeo, Maserati, Mercedes, Ferrari, Maserati, (Maserati)Juan Manuel Fangio
64%
Sauber, Williams, Jordan, Prost, Arrows, SauberHeinz-Harald Frentzen
59%
Cooper, McLaren, Eagle, McLarenBruce McLaren
50%
Lotus, Williams, Ferrari, Williams, McLarenNigel Mansell
50%
Cooper, (Maserati), Cooper, Rob Walker, Cooper, BrabhamJack Brabham
45%
March, BRM, Ferrari, Brabham, McLarenNiki Lauda
41%
Ensign, (McLaren), Brabham, Williams, Lotus, BenettonNelson Piquet
32%
Lotus, March, Ferrari, Parnelli, Lotus, Parnelli, Lotus, Alfa Romeo, Williams, FerrariMario Andretti
27%
McLaren, FerrariGilles Villeneuve
23%
Lotus, McLarenMika Häkkinen
18%
Brabham, Ferrari, Lotus, WilliamsCarlos Reutemann
9%
Lotus, Ferrari, Lotus, Cooper, BRM, Ferrari, BRMPedro Rodríguez
5%

Score Distribution

Percentile by Number Answered

Percent of People with Each Score

Your Score History

You have not taken this quiz